Unternehmensbewertung und Komplexitätsreduktion

Enregistré dans:
Détails bibliographiques
Auteur principal: Ballwieser, Wolfgang
Format: Livre
Langue:allemand
Publié: Wiesbaden Gabler 1983
Édition:1. Aufl.
Sujets:
Tags: Ajouter un tag
Pas de tags, Soyez le premier à ajouter un tag!

MARC

LEADER 00000nam a2200000 4500
001 c000027
005 20221220091002.6
020 |a 3-409-39003-0 
041 0 |a ger 
044 |a DE 
245 1 0 |a Unternehmensbewertung und Komplexitätsreduktion  |c Wolfgang Ballwieser 
250 |a 1. Aufl. 
264 1 |a Wiesbaden  |b Gabler  |c 1983 
300 |a 220 s. 
610 2 0 |a oceňovanie ekonomické 
610 2 0 |a efektívnosť ekonomická 
610 2 0 |a komplexita 
610 2 0 |a podnik 
610 2 0 |a plánovanie 
610 2 0 |a prognózy 
100 1 |a Ballwieser, Wolfgang